Bad Omens - 5 Seconds of Summer (All Lyrics) - Statistics

General Stats
  • This quiz has been taken 404 times
  • The average score is 254 of 297
Answer Stats
Bad Omens % Correct
a
99%
I
99%
you
98%
You
98%
Verse 1 So
97%
the
97%
we
96%
Bridge We
96%
do
95%
is
95%
love
95%
somebody
95%
where
95%
this
94%
am
93%
in
93%
omen
93%
that
93%
when
93%
When
93%
Every
92%
every
92%
go
92%
on
92%
to
92%
For
91%
it
91%
It
91%
it?
91%
your
91%
again
90%
Cause
90%
feeling
90%
time
90%
are
89%
dark
89%
should
89%
brown
88%
eyes
87%
Hanging
87%
Can
86%
know
86%
left
85%
night
85%
through
85%
cried
84%
thousandth
84%
what
83%
was
82%
Can't
81%
closin'
81%
comin'
81%
door
81%
help
81%
ignorin'
81%
just
81%
died
80%
keep
80%
say
80%
already
79%
bad
79%
else
79%
Outro Else
79%
pain
79%
seen
79%
don't
78%
hello
78%
let
78%
That's
78%
goodbye
77%
right
77%
should've
77%
way
77%
back
75%
me
75%
were
75%
kiss
74%
neck
74%
omens
74%
These
74%
as
73%
round
73%
tried
73%
jump
72%
nothing
72%
valley
72%
stop
71%
them
71%
bed
70%
Driving
70%
look
70%
and
69%
starin'
68%
at
67%
away
66%
Heaven
66%
ceiling
65%
chase
64%
knows
64%
then
64%
there
64%
make
63%
rearrange
63%
I'm
62%
It's
62%
Oh
61%
runaway
60%
known
58%
of
53%
still
51%
makin'
50%
sense
49%
having
38%
save
23%
No matching quizzes found
Score Distribution
Percent of People with Each Score
Percentile by Number Answered
Your Score History
You have not taken this quiz